000 00705nam a22002417a 4500
003 URS
005 20251022142519.0
008 251001b ||||| |||| 00| 0 eng d
020 _a978-621-409-269-7
040 _cURS
050 _aP90
_b.C317 2024
100 _aCabayan, Neliza Baustista
245 _aArticulate to Innovate
_bPurposive Communication in the AI Epoch
264 _aMandaluyong City
_bBooks Atbp. Publishing Corp.
_c©2024
300 _a182 pages.,:
_c22 cm.
336 _2rdacontent
_atext
337 _2rdamedia
_aunmediated
338 _2rdacarrier
_avolume
650 0 _aCommunication
700 _aBandril, Gladys De Leon
700 _aTuballes, Jeanette R.
942 _2lcc
_cF
999 _c87407
_d87404